000
00280nam a2200121Ia 4500
008
191201s2010 xx 000 0 und d
100
_a
IPMA
245
0
_a
Better Practices of Project Management V.0.3
260
_a
-
_b
IPMA
_c
2010
300
_a
200
650
_a
MBA
942
_2
ddc
_c
BK
999
_c
496
_d
496